000 01046cam a2200325 a 4500
001 13270054
003 PILC
005 20160120141903.0
008 030711s2004 nyua c 000 1 eng
010 _a 2003058985
020 _a9780439577403
035 _a(OCoLC)ocm52970665
040 _aDLC
_cDLC
_dIG#
_dOCL
_dBAKER
_dDLC
042 _alcac
050 0 0 _aPZ 7
_b.M73445 2004
082 0 0 _aFIC
_bM73h 2004
100 1 _aMolloy, Michael,
_d1940-
_920354
245 1 4 _aThe house on falling star hill
_cMichael Molloy
250 _a1st American ed.
260 _aNew York :
_bScholastic Inc,
_cc2004.
300 _a377 p. :
_bill. ;
_c21 cm.
562 _e1
650 1 _aMagic
_vFiction.
_920355
650 1 _aFantasy.
_93293
856 4 2 _3Publisher description
_uhttp://www.loc.gov/catdir/enhancements/fy1203/2003058985-d.html
906 _a7
_bcbc
_corignew
_d1
_eocip
_f20
_gy-gencatlg
942 _2lcc
_cBK
999 _c11473
_d11473